| 000 | 01375nam a22003737a 4500 | ||
|---|---|---|---|
| 999 |
_c64481 _d64481 |
||
| 005 | 20240530110734.0 | ||
| 008 | 180213s2008 ua a g 000 0 ara d | ||
| 017 | _bمصر. دار الكتب | ||
| 040 |
_aEG-CaGPL _cEG-CaGPL |
||
| 082 | 0 | 4 |
_221 _a191\ _bإ ف |
| 100 | 0 | _aابراهيم مصطفى ابراهيم | |
| 245 | 1 | 2 |
_aالفلسفة الحديثة / _cابراهيم مصطفى ابراهيم _nالجزء الاول - _pمن ديكارت الى هيوم _nالجزء الثانى - _pمن كنط الى رينوفييه |
| 250 | _aط. 1 | ||
| 260 |
_aالقاهرة : _bدار المعرفة الجامعية ، _c2009. |
||
| 300 |
_a2 جزء ؛ _c24 سم. |
||
| 600 | 0 | _aرينيه ديكارت | |
| 600 | 0 | _aبليز بسكال | |
| 600 | 0 | _aنيقولا مالبرانش | |
| 600 | 0 | _aباروخ سبينوزا | |
| 600 | 0 | _aجون لوك | |
| 600 | 0 | _aجورج بركلى | |
| 600 | 0 | _aشارل رينوفييه | |
| 600 | 0 | _aفردريك نيتشة | |
| 600 | 0 | _aكارل ماركس | |
| 600 | 0 | _aلودفيج فويرباخ | |
| 600 | 0 | _aارثر شوبنهور | |
| 600 | 0 | _aديفيد هيوم | |
| 600 | 0 | _aفردريك هيجل | |
| 600 | 0 | _aايمانويل كنط | |
| 650 | 0 | 7 |
_2qrmak _aالفلسفة الحديثة |
| 651 | 0 | 7 | _2qrmak |
| 942 |
_2ddc _cBK |
||